[Event "SRB-ch Central int"]
[Site "Dimitrovgrad"]
[Date "2023.08.24"]
[Round "6"]
[White "Cirkovic, Vuk"]
[Black "Dimitrijevic, Dusan"]
[Result "0-1"]
[WhiteElo "1736"]
[BlackElo "2070"]
[PlyCount "68"]
[EventDate "2023.08.20"]
[EventType "swiss"]
[EventRounds "9"]
[EventCountry "BUL"]
[SourceTitle "CBM 215 Extra"]
[Source "ChessBase"]
[SourceDate "2023.09.30"]
[SourceVersion "1"]
[SourceVersionDate "2023.09.30"]
[SourceQuality "1"]

1. e4 c6 2. d4 d5 3. f3 dxe4 4. fxe4 e5 5. Nf3 Bg4 6. c3 Nd7 7. h3 Bxf3 8. Qxf3 Qh4+ 9. g3 Qf6 10. Qxf6 Ngxf6 11. Bd3 0-0-0 12. Ke2 Bd6 13. Kf3 Bc7 14. b4 exd4 15. cxd4 Ne5+ 16. Ke3 Rxd4 17. Kxd4 Rd8+ 18. Ke3 Rxd3+ 19. Ke2 Nxe4 20. Bf4 Rxg3 21. Bxg3 Nxg3+ 22. Kf2 Nxh1+ 23. Kg2 Ng3 24. Nd2 Nf5 25. Ne4 Nd6 26. Ng3 Kd7 27. Rd1 Ke6 28. Re1 f5 29. Ne2 g5 30. Nd4+ Kf6 31. a4 Bb6 32. Nf3 Nxf3 33. Kxf3 h5 34. h4 g4+ 0-1

[Event "Belgrade Serbia op"]
[Site "Belgrade"]
[Date "2023.07.19"]
[Round "4"]
[White "Dimitrijevic, Dusan"]
[Black "Grigorieva, Sofia"]
[Result "1-0"]
[WhiteElo "2085"]
[BlackElo "1496"]
[PlyCount "73"]
[EventDate "2023.07.16"]
[EventType "swiss"]
[EventRounds "9"]
[EventCountry "SRB"]
[SourceTitle "CBM 215 Extra"]
[Source "ChessBase"]
[SourceDate "2023.09.30"]
[SourceVersion "1"]
[SourceVersionDate "2023.09.30"]
[SourceQuality "1"]

1. d4 d5 2. Bf4 Nf6 3. e3 e6 4. Nd2 Bd6 5. Bg3 0-0 6. Bd3 c5 7. c3 Qc7 8. f4 cxd4 9. cxd4 Nc6 10. Rc1 Qb6 11. Bh4 Nb4 12. Bb1 Ne4 13. a3 Nxd2 14. Qxd2 Nc6 15. Nf3 f5 16. Ba2 Bd7 17. 0-0 Rac8 18. Rc3 a5 19. Rfc1 a4 20. Ne5 Bxe5 21. fxe5 f4 22. Bf2 fxe3 23. Bxe3 Ne7 24. Bb1 Rxc3 25. Rxc3 Bb5 26. Bf2 Nf5 27. g4 Ne7 28. h4 Qd8 29. h5 Qe8 30. Qc2 g6 31. Bh4 Qf7 32. Bf6 Nc6 33. Qd2 Qe8 34. hxg6 hxg6 35. Qh6 Rxf6 36. exf6 Qf7 37. g5 1-0

[Event "Belgrade Serbia op"]
[Site "Belgrade"]
[Date "2023.07.17"]
[Round "2"]
[White "Dimitrijevic, Dusan"]
[Black "Herrera, Juan Sebastian"]
[Result "0-1"]
[WhiteElo "2085"]
[BlackElo "2277"]
[PlyCount "92"]
[EventDate "2023.07.16"]
[EventType "swiss"]
[EventRounds "9"]
[EventCountry "SRB"]
[SourceTitle "CBM 215 Extra"]
[Source "ChessBase"]
[SourceDate "2023.09.30"]
[SourceVersion "1"]
[SourceVersionDate "2023.09.30"]
[SourceQuality "1"]

1. d4 g6 2. e4 Bg7 3. Nc3 d6 4. Nf3 a6 5. a4 Nd7 6. Be2 e6 7. 0-0 Ngf6 8. e5 Ng8 9. exd6 cxd6 10. Ne4 Ndf6 11. Qd3 Ne7 12. Bg5 Nxe4 13. Qxe4 h6 14. Bd2 0-0 15. Bd3 Bd7 16. Qxb7 Bc6 17. Qb3 Bxf3 18. gxf3 Nc6 19. c3 Qh4 20. Qd1 Rab8 21. Rb1 e5 22. d5 Ne7 23. c4 f5 24. Qe2 g5 25. Kh1 Ng6 26. Rg1 Rbe8 27. Bc2 e4 28. fxe4 fxe4 29. Rg2 Ne5 30. Bc3 Nf3 31. Qe3 Rf4 32. Bd1 Ref8 33. Bxg7 Kxg7 34. Bxf3 Rxf3 35. Qd4+ Kg8 36. Kg1 Qf4 37. Re1 Rd3 38. Qb6 Rd2 39. b4 Re2 40. Rf1 e3 41. a5 exf2+ 42. Rgxf2 Qg4+ 43. Kh1 Rfxf2 44. Qb8+ Kg7 45. Qc7+ Kg6 46. Qxd6+ Kh5 0-1

[Event "Paracin op 16th"]
[Site "Paracin"]
[Date "2023.07.10"]
[Round "4"]
[White "Dimitrijevic, Dusan"]
[Black "Pikula, Dejan"]
[Result "1-0"]
[WhiteElo "2085"]
[BlackElo "2339"]
[PlyCount "117"]
[EventDate "2023.07.07"]
[EventType "swiss"]
[EventRounds "9"]
[EventCountry "SRB"]
[SourceTitle "EXT 2024"]
[Source "ChessBase"]
[SourceDate "2023.10.10"]
[SourceVersion "1"]
[SourceVersionDate "2023.10.10"]
[SourceQuality "1"]

1. d4 Nf6 2. Bg5 e6 3. e4 h6 4. Bxf6 Qxf6 5. c3 d6 6. Bd3 e5 7. Ne2 Nc6 8. d5 Nb8 9. 0-0 g6 10. f4 Bg7 11. f5 Qe7 12. Nd2 Nd7 13. Nc4 h5 14. Qe1 0-0 15. Qg3 Kh7 16. Qh3 Nf6 17. Ne3 Bh6 18. Rae1 Bd7 19. c4 a5 20. Nc3 Rg8 21. Kh1 Raf8 22. Rg1 Bxe3 23. Qxe3 b6 24. h3 Rg7 25. g4 hxg4 26. hxg4 Rh8 27. Rg2 Kg8+ 28. Kg1 gxf5 29. gxf5 Ng4 30. Qg3 Qg5 31. Be2 Qe3+ 32. Qxe3 Nxe3 33. Rxg7+ Kxg7 34. Kf2 Nc2 35. Rg1+ Kf6 36. Bd1 Rh2+ 37. Kg3 Rd2 38. Rg2 Rxg2+ 39. Kxg2 Ne3+ 40. Kf3 Nxc4 41. b3 Na3 42. Ke3 b5 43. Ne2 b4 44. Ng3 Nb1 45. Ne2 Na3 46. Ng3 Kg5 47. Ne2 Bb5 48. Ng1 Nb1 49. Be2 Bxe2 50. Nxe2 Nc3 51. Nxc3 bxc3 52. a4 c2 53. Kd2 Kf4 54. b4 Kxe4 55. bxa5 Kxd5 56. a6 Kc6 57. a5 d5 58. Kxc2 d4 59. Kd3 1-0

[Event "Paracin op 16th"]
[Site "Paracin"]
[Date "2023.07.08"]
[Round "2"]
[White "Dimitrijevic, Dusan"]
[Black "Efremov, Vladislav"]
[Result "0-1"]
[WhiteElo "2085"]
[BlackElo "2356"]
[PlyCount "86"]
[EventDate "2023.07.07"]
[EventType "swiss"]
[EventRounds "9"]
[EventCountry "SRB"]
[SourceTitle "EXT 2024"]
[Source "ChessBase"]
[SourceDate "2023.10.10"]
[SourceVersion "1"]
[SourceVersionDate "2023.10.10"]
[SourceQuality "1"]

1. d4 d5 2. Bf4 c5 3. e3 Nc6 4. c3 Nf6 5. Nd2 Bf5 6. Ngf3 e6 7. Bb5 Qb6 8. Qa4 a6 9. Bxc6+ Qxc6 10. Qxc6+ bxc6 11. 0-0 Rc8 12. h3 Be7 13. Rfe1 h6 14. g4 Bh7 15. Ne5 Ne4 16. Nxe4 Bxe4 17. f3 Bh7 18. e4 f6 19. Nd3 cxd4 20. cxd4 dxe4 21. Nc5 e5 22. Bg3 exd4 23. Nxe4 Bxe4 24. Rxe4 Kf7 25. Kf1 Rhd8 26. Rd1 c5 27. Ke2 Bd6 28. Bxd6 Rxd6 29. b3 Re6 30. Kd3 Rxe4 31. Kxe4 Ke6 32. f4 Re8 33. b4 Kd6+ 34. Kf5 Re7 35. h4 Kd5 36. bxc5 Kxc5 37. Rc1+ Kb4 38. Rc6 d3 39. Rb6+ Kc3 40. Rc6+ Kd4 41. Rxa6 d2 42. Rd6+ Ke3 43. a4 Ke2 0-1

[Event "Paracin op 16th"]
[Site "Paracin"]
[Date "2023.07.08"]
[Round "3"]
[White "Udovenko, Daniel"]
[Black "Dimitrijevic, Dusan"]
[Result "0-1"]
[WhiteElo "1856"]
[BlackElo "2085"]
[PlyCount "38"]
[EventDate "2023.07.07"]
[EventType "swiss"]
[EventRounds "9"]
[EventCountry "SRB"]
[SourceTitle "EXT 2024"]
[Source "ChessBase"]
[SourceDate "2023.10.10"]
[SourceVersion "1"]
[SourceVersionDate "2023.10.10"]
[SourceQuality "1"]

1. d4 d5 2. c4 c6 3. Nf3 Nf6 4. Nc3 e6 5. Bg5 dxc4 6. e4 b5 7. e5 h6 8. Bh4 g5 9. Nxg5 hxg5 10. Bxg5 Be7 11. Bxf6 Bxf6 12. exf6 Qxf6 13. g3 Na6 14. Bg2 Bb7 15. Nxb5 cxb5 16. Bxb7 Nb4 17. Bxa8 Nd3+ 18. Kd2 Qxd4 19. Qf3 Ne5+ 0-1

[Event "Belgrade Vidovdan op"]
[Site "Belgrade"]
[Date "2023.06.27"]
[Round "3"]
[White "Besedes, Danilo"]
[Black "Dimitrijevic, Dusan"]
[Result "1-0"]
[WhiteElo "2274"]
[BlackElo "2103"]
[PlyCount "65"]
[EventDate "2023.06.26"]
[EventType "swiss"]
[EventRounds "6"]
[EventCountry "SRB"]
[SourceTitle "EXT 2024"]
[Source "ChessBase"]
[SourceDate "2023.10.10"]
[SourceVersion "1"]
[SourceVersionDate "2023.10.10"]
[SourceQuality "1"]

1. g3 d5 2. d4 Nf6 3. Bg2 c6 4. Nf3 Bf5 5. 0-0 e6 6. c4 Nbd7 7. Nc3 Ne4 8. Nh4 Nxc3 9. bxc3 Be4 10. Bxe4 dxe4 11. Rb1 g5 12. Ng2 h5 13. Qc2 f5 14. f3 exf3 15. exf3 h4 16. g4 Qf6 17. Rxb7 Bd6 18. Ne3 Rf8 19. c5 Bf4 20. Nc4 fxg4 21. Bxf4 Qxf4 22. Qg6+ Kd8 23. Qxe6 Rf7 24. Rxd7+ Rxd7 25. Qg8+ Kc7 26. Qxa8 gxf3 27. Qxa7+ Kd8 28. Qa8+ Kc7 29. Qa5+ Kb8 30. Rb1+ Rb7 31. Rxb7+ Kxb7 32. Nd6+ Kb8 33. Qb6+ 1-0

[Event "SRB Central-ch"]
[Site "Pirot"]
[Date "2022.11.19"]
[Round "4"]
[White "Ivanovic, Marko"]
[Black "Dimitrijevic, Dusan"]
[Result "1-0"]
[WhiteElo "2293"]
[BlackElo "2059"]
[PlyCount "59"]
[EventDate "2022.11.16"]
[EventType "swiss"]
[EventRounds "9"]
[EventCountry "SRB"]
[SourceTitle "CBM 211 Extra"]
[Source "ChessBase"]
[SourceDate "2023.01.31"]
[SourceVersion "1"]
[SourceVersionDate "2023.01.31"]
[SourceQuality "1"]

1. e4 e6 2. d4 d5 3. Nc3 Nf6 4. e5 Nfd7 5. f4 c5 6. Nf3 Nc6 7. Be3 a6 8. Ne2 b5 9. c3 Qb6 10. a3 a5 11. dxc5 Bxc5 12. Ned4 Bb7 13. b4 axb4 14. axb4 Rxa1 15. Qxa1 Bxd4 16. Nxd4 Nxd4 17. Bxd4 Qa6 18. Qd1 Nb6 19. Bd3 Nc4 20. 0-0 Nb2 21. Qg4 g6 22. Bc2 Qc6 23. h4 Nc4 24. Qg5 Nd2 25. Rd1 Ne4 26. Bxe4 dxe4 27. Bc5 Qc7 28. Qf6 Rg8 29. Rd6 Bc6 30. Rxc6 1-0

[Event "SRB Central-ch"]
[Site "Pirot"]
[Date "2022.11.18"]
[Round "3"]
[White "Dimitrijevic, Dusan"]
[Black "Musovic, Armin"]
[Result "1-0"]
[WhiteElo "2059"]
[BlackElo "2276"]
[PlyCount "146"]
[EventDate "2022.11.16"]
[EventType "swiss"]
[EventRounds "9"]
[EventCountry "SRB"]
[SourceTitle "CBM 211 Extra"]
[Source "ChessBase"]
[SourceDate "2023.01.31"]
[SourceVersion "1"]
[SourceVersionDate "2023.01.31"]
[SourceQuality "1"]

1. d4 d5 2. Bf4 c5 3. e3 Nc6 4. Nc3 a6 5. Nf3 Bg4 6. Be2 e6 7. 0-0 Nf6 8. Ne5 Bxe2 9. Nxe2 cxd4 10. exd4 Bd6 11. Re1 Bxe5 12. Bxe5 Nxe5 13. dxe5 Nd7 14. Nf4 Qg5 15. g3 Rd8 16. Qd4 0-0 17. b3 Qf5 18. Rac1 h5 19. h4 Rc8 20. c4 Rfd8 21. Kg2 dxc4 22. Rxc4 Nf8 23. Qe4 Qxe4+ 24. Rexe4 g6 25. Red4 Rxc4 26. Rxd8 Rc7 27. Nd3 Kg7 28. Kf3 Nd7 29. Ke3 Nb6 30. Kd4 Nc8 31. Nc5 b6 32. Nxa6 Rc1 33. Nb4 Ne7 34. Nd3 Rc2 35. Ra8 Nf5+ 36. Ke4 Re2+ 37. Kf3 Nd4+ 38. Kf4 Nb5 39. a4 Nc7 40. Rc8 Nd5+ 41. Kf3 Rd2 42. Ke4 Re2+ 43. Kd4 Rd2 44. Rb8 Ra2 45. Nf4 Rd2+ 46. Kc4 Rc2+ 47. Kb5 Rc5+ 48. Ka6 Ra5+ 49. Kb7 b5 50. Nxd5 bxa4 51. Ne3 axb3 52. Kc6 Rxe5 53. Rxb3 Ra5 54. Nc4 Ra2 55. Rb2 Ra6+ 56. Kc5 Ra7 57. f4 Kf6 58. Kd6 Kf5 59. Rb5+ Kg4 60. Rg5+ Kh3 61. Ke5 Rc7 62. Nd6 Rd7 63. Nxf7 Rxf7 64. Kxe6 Ra7 65. Rxg6 Ra6+ 66. Kf7 Ra3 67. f5 Ra7+ 68. Kg8 Ra8+ 69. Kh7 Ra7+ 70. Kh6 Ra5 71. f6 Rf5 72. Kg7 Rf3 73. f7 Rf2 1-0

[Event "Belgrade Serbia op"]
[Site "Belgrade"]
[Date "2021.07.06"]
[Round "6"]
[White "Dimitrijevic, Dusan"]
[Black "Papakonstantinou, Dimitrios"]
[Result "0-1"]
[WhiteElo "2122"]
[BlackElo "2251"]
[PlyCount "70"]
[EventDate "2021.07.02"]
[EventType "swiss"]
[EventRounds "9"]
[EventCountry "SRB"]
[SourceTitle "EXT 2022"]
[Source "ChessBase"]
[SourceDate "2021.10.06"]
[SourceVersion "1"]
[SourceVersionDate "2021.10.06"]
[SourceQuality "1"]

1. e4 Nf6 2. e5 Nd5 3. d4 d6 4. c4 Nb6 5. f4 dxe5 6. fxe5 Nc6 7. Be3 Bf5 8. Nc3 e6 9. Nf3 Bb4 10. Rc1 0-0 11. Be2 Na5 12. Bg5 Qd7 13. 0-0 h6 14. Bh4 Nbxc4 15. Bxc4 Nxc4 16. Qb3 Bxc3 17. Qxc3 Nb6 18. Qxc7 Qd5 19. b3 Rac8 20. Qe7 Qe4 21. Bf2 Bg4 22. Rce1 Qd5 23. Be3 Rc2 24. Qh4 Bf5 25. Bxh6 gxh6 26. Qxh6 Rfc8 27. Nh4 Qxd4+ 28. Kh1 Qg4 29. Rf3 Rxg2 30. Nxf5 exf5 31. Rh3 Qg7 32. Qd6 Rg6 33. Qd3 Qxe5 34. Rhe3 Qd5+ 35. Qxd5 Nxd5 0-1

[Event "Belgrade Serbia op"]
[Site "Belgrade"]
[Date "2021.07.03"]
[Round "2"]
[White "Dimitrijevic, Dusan"]
[Black "Dev, Shah"]
[Result "0-1"]
[WhiteElo "2122"]
[BlackElo "2270"]
[PlyCount "100"]
[EventDate "2021.07.02"]
[EventType "swiss"]
[EventRounds "9"]
[EventCountry "SRB"]
[SourceTitle "CBM 203 Extra"]
[Source "ChessBase"]
[SourceDate "2021.09.30"]
[SourceVersion "1"]
[SourceVersionDate "2021.09.30"]
[SourceQuality "1"]

1. e4 e5 2. Nf3 Nc6 3. Bc4 Bc5 4. b4 Bxb4 5. c3 Ba5 6. d4 d6 7. Qb3 Qd7 8. 0-0 Bb6 9. dxe5 Na5 10. Qb4 Nxc4 11. Qxc4 dxe5 12. Nxe5 Qe6 13. Qa4+ c6 14. Nc4 Bc5 15. Nbd2 Ne7 16. Nb3 b5 17. Nxc5 bxa4 18. Nxe6 Bxe6 19. Nd6+ Kf8 20. Ba3 Kg8 21. Rab1 Nc8 22. Ne8 Nb6 23. Nc7 Rb8 24. Bc5 Bxa2 25. Rbd1 h6 26. Rd6 Kh7 27. Rfd1 Rhc8 28. Na6 Rb7 29. f4 Bc4 30. Nb4 Bb3 31. Ra1 Nc4 32. Rd4 Rb5 33. Nd3 Rc7 34. e5 Ne3 35. Bd6 Rc8 36. Ne1 c5 37. Re4 Nc4 38. Rxc4 Bxc4 39. Rxa4 Be6 40. Rxa7 Rb3 41. g4 Bxg4 42. Rxf7 Kg8 43. Ra7 Rxc3 44. e6 Rc1 45. Kf2 Bxe6 46. Nd3 Rd1 47. Ke2 Bg4+ 48. Ke3 c4 49. Ke4 Rxd3 50. Be5 Rd7 0-1

[Event "Veliko Gradiste Silver Lake op-A"]
[Site "Veliko Gradiste"]
[Date "2021.06.27"]
[Round "6"]
[White "Fernandez Lledo, Javier"]
[Black "Dimitrijevic, Dusan"]
[Result "1-0"]
[WhiteElo "2281"]
[BlackElo "2122"]
[PlyCount "115"]
[EventDate "2021.06.23"]
[EventType "swiss"]
[EventRounds "9"]
[EventCountry "SRB"]
[SourceTitle "EXT 2022"]
[Source "ChessBase"]
[SourceDate "2021.10.06"]
[SourceVersion "1"]
[SourceVersionDate "2021.10.06"]
[SourceQuality "1"]

1. d4 e6 2. e4 d5 3. Nc3 Nf6 4. Bg5 dxe4 5. Nxe4 Be7 6. Bxf6 Bxf6 7. Nf3 0-0 8. Nxf6+ Qxf6 9. Bd3 c5 10. Qe2 Nc6 11. Qe4 g6 12. dxc5 Qxb2 13. 0-0 e5 14. Qe3 Kg7 15. Be4 Nd4 16. Rfb1 Nxf3+ 17. gxf3 Qd4 18. Qxd4 exd4 19. c6 Bf5 20. cxb7 Rab8 21. Bxf5 gxf5 22. Rb5 Rfe8 23. Rab1 Re7 24. a4 a6 25. Rb6 a5 26. R1b5 Rc7 27. Rxa5 Rbxb7 28. Rxb7 Rxb7 29. Rb5 Rc7 30. Rb2 Rc5 31. Ra2 Ra5 32. Kf1 Kf6 33. Ke2 Ke5 34. Kd3 Kd5 35. Ra1 f4 36. Ra2 f5 37. Ra3 Kc5 38. c3 dxc3 39. Rxc3+ Kd5 40. Rc4 Ke5 41. Kc3 Ra6 42. Kb3 Rb6+ 43. Rb4 Rd6 44. Rb5+ Ke6 45. a5 Rd3+ 46. Ka4 Rxf3 47. Rb2 Rd3 48. a6 Rd7 49. Ka5 Ke5 50. Re2+ Kf6 51. Kb6 Rd1 52. Rb2 Ke5 53. a7 Rd6+ 54. Kc7 Ra6 55. Kb7 Ra1 56. a8Q Rxa8 57. Kxa8 f3 58. Rb4 1-0

[Event "Veliko Gradiste Silver Lake op-A"]
[Site "Veliko Gradiste"]
[Date "2021.06.26"]
[Round "5"]
[White "Dimitrijevic, Dusan"]
[Black "Mashchenko, Tamila"]
[Result "1-0"]
[WhiteElo "2122"]
[BlackElo "1754"]
[PlyCount "83"]
[EventDate "2021.06.23"]
[EventType "swiss"]
[EventRounds "9"]
[EventCountry "SRB"]
[SourceTitle "CBM 203 Extra"]
[Source "ChessBase"]
[SourceDate "2021.09.30"]
[SourceVersion "1"]
[SourceVersionDate "2021.09.30"]
[SourceQuality "1"]

1. e4 c5 2. a3 d6 3. b4 Nf6 4. Nc3 Nbd7 5. Nf3 g6 6. Rb1 Bg7 7. h4 h5 8. Bc4 cxb4 9. axb4 0-0 10. d4 Nb6 11. Bb3 Bg4 12. Qd3 Rc8 13. Ng5 d5 14. 0-0 dxe4 15. Ncxe4 Bf5 16. Bb2 Nxe4 17. Nxe4 Nd5 18. b5 e6 19. Qf3 Bxe4 20. Qxe4 Qd7 21. c4 Nf6 22. Qf3 Ng4 23. Rfd1 Rfd8 24. g3 Qc7 25. Ra1 b6 26. Bc3 Rd7 27. Ra2 Qd8 28. Rad2 Qf6 29. Kg2 Rcd8 30. Bc2 Qxf3+ 31. Kxf3 e5 32. c5 exd4 33. c6 Ne5+ 34. Kg2 dxc3 35. Rxd7 Nxd7 36. c7 Rc8 37. Rxd7 Bf6 38. Be4 Kf8 39. Bb7 c2 40. Bxc8 c1Q 41. Bb7 Kg7 42. c8Q 1-0

[Event "Veliko Gradiste Silver Lake op-A"]
[Site "Veliko Gradiste"]
[Date "2021.06.25"]
[Round "4"]
[White "Kandjolas, Konstantin"]
[Black "Dimitrijevic, Dusan"]
[Result "1/2-1/2"]
[WhiteElo "2017"]
[BlackElo "2122"]
[PlyCount "97"]
[EventDate "2021.06.23"]
[EventType "swiss"]
[EventRounds "9"]
[EventCountry "SRB"]
[SourceTitle "CBM 203 Extra"]
[Source "ChessBase"]
[SourceDate "2021.09.30"]
[SourceVersion "1"]
[SourceVersionDate "2021.09.30"]
[SourceQuality "1"]

1. d4 e6 2. c4 b6 3. e4 Bb7 4. Bd3 Bb4+ 5. Bd2 Bxd2+ 6. Qxd2 f5 7. Nc3 Nf6 8. Qe2 0-0 9. Nf3 Nc6 10. e5 Ng4 11. 0-0-0 Nb4 12. Bb1 a5 13. a3 Na6 14. h3 Nh6 15. Rhg1 Qe7 16. Bc2 Rae8 17. Nh2 Qh4 18. Nf3 Qe7 19. Nh2 c5 20. Nb5 Nf7 21. g4 Qg5+ 22. Kb1 Qf4 23. gxf5 exf5 24. Qh5 Be4 25. Bxe4 Qxe4+ 26. Ka1 Re6 27. Rde1 Qf4 28. Rg3 Rg6 29. Rxg6 hxg6 30. Qxg6 Nh8 31. Qg2 cxd4 32. Qd5+ Nf7 33. Nf3 d3 34. Qxd3 Nc5 35. Qd5 Kh7 36. Nbd4 a4 37. Rg1 g5 38. h4 g4 39. Ng5+ Nxg5 40. hxg5 Qxd4 41. Qh1+ Kg7 42. Qh6+ Kf7 43. g6+ Ke8 44. g7 Rg8 45. Qg6+ Ke7 46. Qf6+ Ke8 47. Qg6+ Ke7 48. Qf6+ Ke8 49. Qg6+ 1/2-1/2

[Event "Belgrade Spring op"]
[Site "Belgrade"]
[Date "2021.04.03"]
[Round "2"]
[White "Draskovic, Luka"]
[Black "Dimitrijevic, Dusan"]
[Result "1/2-1/2"]
[WhiteElo "2472"]
[BlackElo "2092"]
[PlyCount "128"]
[EventDate "2021.04.02"]
[EventType "swiss"]
[EventRounds "9"]
[EventCountry "SRB"]
[SourceTitle "CBM 202 Extra"]
[Source "ChessBase"]
[SourceDate "2021.07.31"]
[SourceVersion "1"]
[SourceVersionDate "2021.07.31"]
[SourceQuality "1"]

1. c4 b6 2. Nc3 Bb7 3. d4 e6 4. a3 Ne7 5. e4 d6 6. Bg5 Nd7 7. Be2 h6 8. Be3 g6 9. Nf3 Bg7 10. Qd2 f5 11. d5 e5 12. g3 Nc5 13. Rb1 Nxe4 14. Nxe4 fxe4 15. Nh4 Bc8 16. Bd1 Bh3 17. Ba4+ Kf7 18. Qe2 Rf8 19. Bc2 Kg8 20. Bxe4 g5 21. Ng2 Nf5 22. 0-0 Qd7 23. Rfe1 Rf6 24. Rbd1 Raf8 25. Rd2 Qf7 26. f3 Ne7 27. Bf2 h5 28. Be3 Bh6 29. Rdd1 Nf5 30. Qd3 Bxg2 31. Kxg2 Nxe3+ 32. Qxe3 g4 33. Qd3 gxf3+ 34. Kf2 h4 35. Rg1 Kh8 36. Qf1 Qh5 37. Qh3 Qg5 38. Rd3 Rg8 39. Qd7 Qg7 40. Qxg7+ Rxg7 41. Rxf3 Rgf7 42. Rxf6 Rxf6+ 43. Ke2 a5 44. a4 hxg3 45. hxg3 Kg7 46. Rh1 Rf8 47. Rh4 Rh8 48. Rg4+ Kf7 49. Rh4 Bg7 50. Rxh8 Bxh8 51. Kf3 Bg7 52. Kg4 Bh6 53. Kf5 Bc1 54. b3 Be3 55. g4 Bc5 56. g5 Be3 57. g6+ Kg7 58. Ke6 Bd4 59. Kd7 Bc5 60. Kxc7 Kf6 61. Kd7 Bb4 62. Ke8 Kg7 63. Ke7 Bc5 64. Ke6 Bb4 1/2-1/2

[Event "Paracin Orbis IM Mix"]
[Site "Paracin"]
[Date "2021.02.16"]
[Round "6"]
[White "Dimitrijevic, Dusan"]
[Black "Dev, Shah"]
[Result "0-1"]
[WhiteElo "2130"]
[BlackElo "2254"]
[PlyCount "76"]
[EventDate "2021.02.12"]
[EventType "swiss"]
[EventRounds "9"]
[EventCountry "SRB"]
[SourceTitle "EXT 2022"]
[Source "ChessBase"]
[SourceDate "2021.10.06"]
[SourceVersion "1"]
[SourceVersionDate "2021.10.06"]
[SourceQuality "1"]

1. e4 e5 2. d4 exd4 3. c3 d5 4. exd5 Qxd5 5. cxd4 Nf6 6. Nf3 Bb4+ 7. Nc3 0-0 8. Be2 Bg4 9. 0-0 Qd6 10. Qb3 Nc6 11. Bg5 Bxf3 12. Bxf6 Bxe2 13. Be5 Nxd4 14. Bxd6 Nxb3 15. Bxb4 Nxa1 16. Rxa1 Rfe8 17. Nd5 Red8 18. Ne7+ Kh8 19. f3 Rd1+ 20. Rxd1 Bxd1 21. Kf2 Rd8 22. Ke3 Bc2 23. g4 h5 24. a3 Rd7 25. Nc8 b6 26. Bc3 c5 27. Kf4 Bd3 28. Ke5 Be2 29. gxh5 Kh7 30. f4 Bxh5 31. f5 Rc7 32. Nd6 Re7+ 33. Kd5 Bf3+ 34. Kc4 Bc6 35. Nc8 Rd7 36. b4 cxb4 37. Bxb4 Bb7 38. Nd6 a5 0-1

[Event "Paracin Orbis FM"]
[Site "Paracin"]
[Date "2021.02.05"]
[Round "1"]
[White "Arandjelovic, Aleksandar Z"]
[Black "Dimitrijevic, Dusan"]
[Result "1/2-1/2"]
[WhiteElo "1907"]
[BlackElo "2130"]
[PlyCount "41"]
[EventDate "2021.02.05"]
[EventType "tourn"]
[EventRounds "9"]
[EventCountry "SRB"]
[SourceTitle "EXT 2022"]
[Source "ChessBase"]
[SourceDate "2021.10.06"]
[SourceVersion "1"]
[SourceVersionDate "2021.10.06"]
[SourceQuality "1"]

1. d4 Nf6 2. c4 c5 3. d5 b5 4. cxb5 a6 5. b6 d6 6. Nc3 Nbd7 7. e4 g6 8. Nf3 Bg7 9. Nd2 0-0 10. Nc4 Nxb6 11. Ne3 a5 12. a4 Ne8 13. Bb5 Bd7 14. 0-0 Nc7 15. Rb1 Bxb5 16. axb5 Qd7 17. Qe2 Rfb8 18. Nc2 Rb7 19. Na3 a4 20. Bd2 Bd4 21. Kh1 1/2-1/2

[Event "Belgrade Trophy 34th"]
[Site "Belgrade"]
[Date "2020.11.26"]
[Round "3"]
[White "Dimitrijevic, Dusan"]
[Black "Novakovic, Aleksej"]
[Result "0-1"]
[WhiteElo "2113"]
[BlackElo "1893"]
[PlyCount "100"]
[EventDate "2020.11.24"]
[EventType "swiss"]
[EventRounds "9"]
[EventCountry "SRB"]
[SourceTitle "CBM 199 Extra"]
[Source "ChessBase"]
[SourceDate "2021.01.31"]
[SourceVersion "1"]
[SourceVersionDate "2021.01.31"]
[SourceQuality "1"]

1. d4 Nf6 2. c4 c5 3. d5 b5 4. cxb5 a6 5. b6 g6 6. Nc3 Qxb6 7. e4 d6 8. Nf3 Bg7 9. Be2 0-0 10. 0-0 Nbd7 11. Qc2 Ne8 12. Bg5 Ndf6 13. Rab1 h6 14. Be3 Ng4 15. Bd2 Bd7 16. h3 Ne5 17. Nxe5 dxe5 18. Be3 a5 19. Rfc1 Nd6 20. f3 Rfc8 21. Na4 Bxa4 22. Qxa4 Qb4 23. Qd7 Bf8 24. Rc3 a4 25. a3 Qb6 26. b4 axb3 27. Rbxb3 Qa5 28. Rc1 h5 29. h4 Rc7 30. Qh3 Rb7 31. Rbc3 c4 32. Qg3 Rb3 33. Bd2 Qxa3 34. Bxc4 Rxc3 35. Rxc3 Qc5+ 36. Qf2 Qc7 37. Bf1 Qb7 38. Qe3 Ra1 39. Rc1 Rb1 40. Qc3 Rxc1 41. Bxc1 Bg7 42. Be3 f5 43. Qc6 Qb3 44. Bg5 fxe4 45. fxe4 Kh7 46. Bxe7 Qe3+ 47. Kh2 Nxe4 48. Bg5 Qg3+ 49. Kh1 Nf2+ 50. Kg1 Ng4 0-1

[Event "Battle of Senta op 24th"]
[Site "Senta"]
[Date "2020.07.17"]
[Round "8"]
[White "Farkas, Sandor I"]
[Black "Dimitrijevic, Dusan"]
[Result "0-1"]
[WhiteElo "2041"]
[BlackElo "2090"]
[PlyCount "88"]
[EventDate "2020.07.11"]
[EventType "swiss"]
[EventRounds "9"]
[EventCountry "SRB"]
[SourceTitle "CBM 197 Extra"]
[Source "ChessBase"]
[SourceDate "2020.09.30"]
[SourceVersion "1"]
[SourceVersionDate "2020.09.30"]
[SourceQuality "1"]

1. e4 c5 2. Nf3 g6 3. d4 cxd4 4. Nxd4 Nc6 5. c4 Nf6 6. Nc3 d6 7. Be2 Nxd4 8. Qxd4 Bg7 9. Be3 0-0 10. Qd2 Be6 11. 0-0 a6 12. Rac1 Qa5 13. b3 b5 14. Nd5 Qxd2 15. Nxe7+ Kh8 16. Bxd2 Nxe4 17. Bb4 a5 18. Bf3 axb4 19. Bxe4 Rxa2 20. cxb5 Rb8 21. Bc6 Bd4 22. Rcd1 Bc5 23. Nd5 Bg4 24. Ra1 Bxf2+ 25. Kh1 Rxa1 26. Rxa1 Be2 27. Nc7 Bc5 28. Ra8 Rxa8 29. Nxa8 d5 30. b6 d4 31. b7 Ba7 32. Nb6 d3 33. Nc4 Kg7 34. g3 f5 35. Kg2 Kf6 36. Bf3 Ke6 37. Nb6 g5 38. Bd5+ Ke5 39. Bc4 Kd4 40. Nd7 Kc3 41. b8Q Bxb8 42. Nxb8 Bg4 43. Kf2 d2 44. Be2 Bxe2 0-1

[Event "Battle of Senta op 24th"]
[Site "Senta"]
[Date "2020.07.15"]
[Round "6"]
[White "Ivanovic, Marko"]
[Black "Dimitrijevic, Dusan"]
[Result "1-0"]
[WhiteElo "2267"]
[BlackElo "2090"]
[PlyCount "55"]
[EventDate "2020.07.11"]
[EventType "swiss"]
[EventRounds "9"]
[EventCountry "SRB"]
[SourceTitle "CBM 197 Extra"]
[Source "ChessBase"]
[SourceDate "2020.09.30"]
[SourceVersion "1"]
[SourceVersionDate "2020.09.30"]
[SourceQuality "1"]

1. e4 e6 2. d4 d5 3. Nc3 dxe4 4. Nxe4 Nd7 5. Nf3 Ngf6 6. Nxf6+ Nxf6 7. Bd3 c5 8. dxc5 Bxc5 9. 0-0 0-0 10. Bg5 Be7 11. Qe2 Nd5 12. Bd2 g6 13. Rad1 Qc7 14. Ne5 Bf6 15. f4 Qb6+ 16. Qf2 Qxb2 17. Rb1 Qa3 18. c4 Bxe5 19. fxe5 f5 20. exf6 Rf7 21. Qd4 Qxa2 22. Bc3 b6 23. Rf2 Qa3 24. cxd5 exd5 25. Bb4 Qa4 26. Qxd5 Bb7 27. Qg5 Qc6 28. Bxg6 1-0